000 01027nam a22003497a 4500
001 BR7701213
003 BR-BrBNA
005 20230928085211.0
007 ta
008 230509b bl.||||| |||| 00| 0 por d
040 _aBR-BrBNA
_bpor
_cBiblioteca Nacional de Agricultura
041 _a(Por)
072 _aE70
_b/G514
090 _ E70 BR7701213
110 1 _aSecretaria de Estado da Agricultura, Curitiba, PR (Brasil). Depto. de Economia Rural;
_98815
110 1 _aComissao Estadual de Planejamento Agricola, Curitiba, PR (Brasil)
_92046
245 1 _aAnalise da comercializacao de produtos hortigranjeiros no municipio de Foz do Iguacu [Parana, Brasil]
260 3 _aCuritiba, PR (Brasil):
_c1975.
300 _a65 p.
500 _a9 tables
650 _aMERCADO
650 _aCONSUMO
650 _aLEGUME
650 _aAVE DOMESTICA
650 _aLEITE
650 _aFRUTA
650 _aOVO
650 _aFOZ DO IGUACU
650 _aPARANA
909 _a202309
_bLucia
_c55
_dLucia Elande
942 _cBK
999 _c23252
_d23252